Renovačné technológie

Bibliographic Details
Main Author: Murgaš, Marián, 1945- (Author)
Format: Book
Language:Slovak
PhysicalDescription:80 s. sch., tab. 21 cm
Published: [Bratislava [Slovenská technická univerzita] 1996
ISBN:8022709131
Subjects:

MARC

LEADER 00000nam a2200000 a 4500
001 vtls001279710
003 SK-MaSNL
005 20260301155237.0
008 240314s1996 xo ap r yy slo
015 |a SNBA1997/0802222 
020 |a 8022709131 
035 |a SNK000231073 
035 |a urn:nbn:sk:snk-amkg2u 
035 |a urn:nbn:sk:snk-am002yd7 
035 |a 5B17D75A-4F58-427C-ADBA-0FFB9842BA50 
040 |a SNK  |b slo  |c SNK  |e AACR2 
041 0 |a slo 
044 |a xo  |c SK 
080 |a 621.797.004.69  |2 1981 
100 1 |a Murgaš, Marián,  |d 1945-  |4 aut  |9 212457 
245 1 0 |a Renovačné technológie  |c Marián Murgaš 
260 |a [Bratislava  |b [Slovenská technická univerzita]  |c 1996 
300 |a 80 s.  |b sch., tab.  |c 21 cm 
504 |a Bibliogr. s. 80 
650 0 7 |a súčiastky  |x renovácia  |x technológie  |2 SNK  |9 519226 
655 7 |a príručky  |2 SNK  |9 74364 
919 |a 80-227-0913-1 
958 |a TL 
958 |a NB 
999 |c 800099  |d 802029 
952 |t P60, <09>, [BOOK], {629}  |a SNK  |b SNK  |y NEVYP  |7 0  |o snkC 621  |i snk1186/970317  |0 0  |1 0  |4 0  |d 1997-03-13  |l 0  |r 2005-01-02 00:00:00  |w 2026-02-24 
952 |t P60, <03>, [BOOK], {603}  |a SNK  |b SNK  |y PREZ  |7 0  |p 17A0060140  |o snkSC 92880  |i snkKSP 3989/97  |0 0  |1 0  |4 0  |d 1997-04-21  |f 1  |l 0  |r 2025-09-11 00:00:00  |w 2026-02-24 
952 |t P60, <04>, [BOOK], {604}  |a SNK  |b SNK  |y VYP  |7 0  |p 17A0060139  |o snkSC 92880 D1  |i snkKSP 3990/97  |0 0  |1 0  |4 0  |d 1997-04-21  |l 0  |r 2005-01-02 00:00:00  |w 2026-02-24